[Event "Gibtelecom AmatWk2 7th"]
[Site "Gibraltar"]
[Date "2009.02.04"]
[Round "4.6"]
[White "Wright, Jonathan"]
[Black "Naldrett, Geoffrey William"]
[Result "1-0"]
[WhiteElo "1696"]
[BlackElo "1600"]
[PlyCount "97"]
[EventDate "2009.02.01"]
[EventType "swiss"]
[EventRounds "5"]
[EventCountry "GGB"]
[SourceTitle "BritBase"]
[Source "www.saund.co.uk"]
[SourceDate "2018.02.10"]
[SourceVersion "1"]
[SourceVersionDate "2018.02.10"]
[SourceQuality "1"]

1. e4 e5 2. Nf3 Nc6 3. Bb5 a6 4. Ba4 Nf6 5. O-O Nxe4 6. d4 b5 7. Bb3 d5 8. dxe5
Be6 9. c3 Be7 10. Bf4 O-O 11. Nbd2 Nxd2 12. Qxd2 Na5 13. Bc2 Nc4 14. Qd3 g6 15.
b3 Nb6 16. Nd4 c5 17. Nxe6 fxe6 18. Qg3 Qe8 19. Rfe1 Qf7 20. Bh6 Rfd8 21. Re3
Bf8 22. Rf3 Qd7 23. Bg5 Rdc8 24. h4 Qg7 25. Bf6 Qh6 26. Qh3 Rc6 27. Rd1 Nd7 28.
g4 Re8 29. g5 Qh5 30. Rd2 h6 31. Rg3 hxg5 32. Rxg5 Nxf6 33. Rxh5 Nxh5 34. Bxg6
Nf4 35. Qg4 Nxg6 36. h5 Kh8 37. hxg6 Bg7 38. Qh5+ Kg8 39. Rd3 Re7 40. Qh7+ Kf8
41. Rf3+ Ke8 42. Qg8+ Kd7 43. Rf7 d4 44. Rxe7+ Kxe7 45. Qxg7+ Kd8 46. Kg2 dxc3
47. Qf8+ Kd7 48. g7 Rc8 49. Qxc8+ 1-0

[Event "Gibtelecom AmatWk2 7th"]
[Site "Gibraltar"]
[Date "2009.02.04"]
[Round "4.7"]
[White "Haddock, Paul"]
[Black "Goodfellow, Russell"]
[Result "0-1"]
[WhiteElo "1416"]
[BlackElo "1688"]
[PlyCount "82"]
[EventDate "2009.02.01"]
[EventType "swiss"]
[EventRounds "5"]
[EventCountry "GGB"]
[SourceTitle "BritBase"]
[Source "www.saund.co.uk"]
[SourceDate "2018.02.10"]
[SourceVersion "1"]
[SourceVersionDate "2018.02.10"]
[SourceQuality "1"]

1. e4 c5 2. Nf3 e6 3. d4 cxd4 4. Nxd4 Nf6 5. Nc3 d6 6. Bc4 Qc7 7. Bb3 a6 8. a4
b6 9. O-O Nbd7 10. Bxe6 fxe6 11. Nxe6 Qb8 12. Nd5 Ra7 13. Bg5 Nxd5 14. exd5 Ne5
15. f4 Nf7 16. Nxg7+ Bxg7 17. Re1+ Kf8 18. Qe2 Bd4+ 19. Kh1 Nxg5 20. fxg5 Be5
21. Qh5 Kg7 22. Qh6+ Kg8 23. Rf1 Rg7 24. Rf3 Bg4 25. Rf2 Rg6 26. Qh4 h5 27. h3
Bd4 28. Rf4 Be3 29. Re4 Bxg5 30. Qg3 Bf5 31. Rc4 Kg7 32. Qc3+ Kh6 33. Rf1 Rf8
34. Rxf5 Rxf5 35. Rc8 Rf1+ 36. Kh2 Bf4+ 37. g3 Bxg3+ 38. Kg2 Rf2+ 39. Kh1 Rh2+
40. Kg1 Be5+ 41. Kf1 Bxc3 0-1

[Event "Gibtelecom AmatWk2 7th"]
[Site "Gibraltar"]
[Date "2009.02.04"]
[Round "4.8"]
[White "Kuenitz, Klaus"]
[Black "Chidi, Lovinia Sylvia"]
[Result "1-0"]
[WhiteElo "1663"]
[BlackElo "1588"]
[PlyCount "95"]
[EventDate "2009.02.01"]
[EventType "swiss"]
[EventRounds "5"]
[EventCountry "GGB"]
[SourceTitle "BritBase"]
[Source "www.saund.co.uk"]
[SourceDate "2018.02.10"]
[SourceVersion "1"]
[SourceVersionDate "2018.02.10"]
[SourceQuality "1"]

1. d4 d5 2. c4 e6 3. Nf3 Nf6 4. cxd5 exd5 5. Bg5 Be7 6. e3 h6 7. Bh4 c6 8. Nc3
Ne4 9. Bxe7 Qxe7 10. Rc1 O-O 11. Be2 Nd7 12. O-O Qb4 13. Qc2 Qe7 14. Bd3 f5 15.
a3 g6 16. b4 Kg7 17. Qb3 a6 18. a4 Nxc3 19. Rxc3 g5 20. b5 g4 21. Ne1 axb5 22.
axb5 Rf6 23. g3 h5 24. Ng2 Qf7 25. Rfc1 Nb8 26. Nh4 Kh6 27. Qb4 Qc7 28. Bc2 Qd8
29. Qb1 Qf8 30. Bd3 Bd7 31. bxc6 Bxc6 32. Bxf5 Kg5 33. e4 Ra3 34. f4+ gxf3 35.
Nxf3+ Kh6 36. Qb2 Rxc3 37. Qd2+ Kg7 38. Qg5+ Kf7 39. Ne5+ Ke7 40. Rxc3 dxe4 41.
Qxh5 Kd8 42. Qg5 Kc7 43. g4 Kb6 44. d5 Bxd5 45. Qe3+ Ka6 46. Qd4 Bc6 47. Rc1 b5
48. Ra1+ 1-0

[Event "Gibtelecom AmatWk2 7th"]
[Site "Gibraltar"]
[Date "2009.02.04"]
[Round "4.9"]
[White "Hermes, Geoff R"]
[Black "Huba, Mark"]
[Result "1-0"]
[WhiteElo "1616"]
[BlackElo "1320"]
[PlyCount "69"]
[EventDate "2009.02.01"]
[EventType "swiss"]
[EventRounds "5"]
[EventCountry "GGB"]
[SourceTitle "BritBase"]
[Source "www.saund.co.uk"]
[SourceDate "2018.02.10"]
[SourceVersion "1"]
[SourceVersionDate "2018.02.10"]
[SourceQuality "1"]

1. e4 e6 2. d4 d5 3. e5 c5 4. c3 Nc6 5. Nf3 h6 6. a3 Qb6 7. b4 cxd4 8. cxd4 Bd7
9. Be2 Nge7 10. Bb2 Ng6 11. Qd2 Be7 12. Nc3 a6 13. h4 Qd8 14. g3 b5 15. Bd3 Nf8
16. Ne2 Nh7 17. Nf4 g5 18. Nh5 f5 19. exf6 Bxf6 20. Bg6+ Ke7 21. Qc2 Qg8 22.
Qc5+ Kd8 23. Bxh7 Qxh7 24. Nxf6 Qf5 25. Ne5 Qxf6 26. Nxc6+ Ke8 27. Rc1 Rf8 28.
Rf1 gxh4 29. gxh4 Qxh4 30. Qc2 Qf6 31. Ne5 Rc8 32. Qxc8+ Bxc8 33. Rxc8+ Ke7 34.
Rxf8 Qxf8 35. Ng6+ 1-0

[Event "Gibtelecom AmatWk2 7th"]
[Site "Gibraltar"]
[Date "2009.02.04"]
[Round "4.10"]
[White "Salomon, Johan"]
[Black "Izzard, Brian J"]
[Result "0-1"]
[WhiteElo "1174"]
[BlackElo "1608"]
[PlyCount "66"]
[EventDate "2009.02.01"]
[EventType "swiss"]
[EventRounds "5"]
[EventCountry "GGB"]
[SourceTitle "BritBase"]
[Source "www.saund.co.uk"]
[SourceDate "2018.02.10"]
[SourceVersion "1"]
[SourceVersionDate "2018.02.10"]
[SourceQuality "1"]

1. e4 c6 2. d4 d5 3. Nc3 dxe4 4. Nxe4 Bf5 5. Ng3 Bg6 6. Nf3 Nd7 7. Be3 Ngf6 8.
Bd3 Bxd3 9. Qxd3 e6 10. O-O Bd6 11. a3 O-O 12. Bg5 Qc7 13. Bxf6 Nxf6 14. Ng5 g6
15. Qf3 Kg7 16. h4 h5 17. N3e4 Ng4 18. g3 Rae8 19. Nxd6 Qxd6 20. c3 e5 21. dxe5
Rxe5 22. Rad1 Qe7 23. Qf4 Re8 24. Qd4 Kg8 25. Qxa7 Re2 26. Qb6 f6 27. Nf3 Qe4
28. Nh2 Ne3 29. f3 Qc2 30. Rd2 Qxd2 31. Qb3+ Kh8 32. Qd1 Rg2+ 33. Kh1 Rxh2+ 0-1

[Event "Gibtelecom AmatWk2 7th"]
[Site "Gibraltar"]
[Date "2009.02.04"]
[Round "4.11"]
[White "Hashimov, Gasim"]
[Black "Foran, Barry"]
[Result "0-1"]
[WhiteElo "1810"]
[BlackElo "1285"]
[PlyCount "33"]
[EventDate "2009.02.01"]
[EventType "swiss"]
[EventRounds "5"]
[EventCountry "GGB"]
[SourceTitle "BritBase"]
[Source "www.saund.co.uk"]
[SourceDate "2018.02.10"]
[SourceVersion "1"]
[SourceVersionDate "2018.02.10"]
[SourceQuality "1"]

1. d4 c6 2. c4 d5 3. Nc3 Nf6 4. Nf3 dxc4 5. a4 Bf5 6. Nh4 Bc8 7. e4 e5 8. d5
Nxe4 9. Bxc4 Qxh4 10. Qe2 Nxc3 11. Qxe5+ Qe7 12. Qxe7+ Bxe7 13. bxc3 cxd5 14.
Bxd5 Nc6 15. O-O O-O 16. Bb2 Bf5 17. Rad1 0-1

[Event "Gibtelecom AmatWk2 7th"]
[Site "Gibraltar"]
[Date "2009.02.04"]
[Round "4.12"]
[White "Poggio, Freddie"]
[Black "Kennedy, Philip J"]
[Result "1-0"]
[WhiteElo "1544"]
[BlackElo "1752"]
[PlyCount "87"]
[EventDate "2009.02.01"]
[EventType "swiss"]
[EventRounds "5"]
[EventCountry "GGB"]
[SourceTitle "BritBase"]
[Source "www.saund.co.uk"]
[SourceDate "2018.02.10"]
[SourceVersion "1"]
[SourceVersionDate "2018.02.10"]
[SourceQuality "1"]

1. Nf3 g6 2. d4 Bg7 3. c4 d6 4. e4 Bg4 5. Be2 Nc6 6. Nbd2 e5 7. d5 Nce7 8. h3
Bd7 9. Nb1 f5 10. Nc3 Nf6 11. Bg5 h6 12. Bxf6 Bxf6 13. exf5 gxf5 14. Nd2 Ng6
15. Bh5 Rg8 16. Bxg6+ Rxg6 17. Qh5 Kf7 18. g4 fxg4 19. Nce4 Qg8 20. O-O-O Qg7
21. h4 Ke7 22. Ng3 Rf8 23. Nde4 Kd8 24. c5 Be7 25. c6 bxc6 26. dxc6 Bxc6 27.
Rhe1 Qf7 28. Kb1 Bd7 29. Ka1 Bf5 30. Rd2 Re6 31. Nc5 Rf6 32. Nxf5 Rxf5 33. Qxg4
Rg8 34. Qb4 Ke8 35. Qb8+ Bd8 36. Qb5+ Ke7 37. f4 Rxf4 38. Rxe5+ Kf6 39. Ne4+
Rxe4 40. Rf2+ Kg6 41. h5+ Kh7 42. Rxf7+ Kh8 43. Rxe4 Rg1+ 44. Rf1 1-0

[Event "Gibtelecom AmatWk2 7th"]
[Site "Gibraltar"]
[Date "2009.02.04"]
[Round "4.13"]
[White "Homer, Neil S"]
[Black "Viera Falcon, Cristo"]
[Result "1-0"]
[WhiteElo "1416"]
[BlackElo "1750"]
[PlyCount "75"]
[EventDate "2009.02.01"]
[EventType "swiss"]
[EventRounds "5"]
[EventCountry "GGB"]
[SourceTitle "BritBase"]
[Source "www.saund.co.uk"]
[SourceDate "2018.02.10"]
[SourceVersion "1"]
[SourceVersionDate "2018.02.10"]
[SourceQuality "1"]

1. c4 Nf6 2. Nf3 g6 3. d4 Bg7 4. Nc3 c6 5. e4 d6 6. Be2 Qc7 7. h3 Nbd7 8. Be3
O-O 9. O-O Ne8 10. Qd2 f5 11. Bh6 e5 12. Bxg7 Nxg7 13. dxe5 dxe5 14. Rad1 f4
15. b4 Nf6 16. c5 Be6 17. Qd6 Qxd6 18. cxd6 Nd7 19. Ng5 b5 20. Nxe6 Nxe6 21.
Bg4 Rf6 22. Rd3 h5 23. Bxe6+ Rxe6 24. Rfd1 Kf7 25. Ne2 Rd8 26. Nc1 Nb6 27. Nb3
Nc4 28. Nc5 Nb2 29. d7 Nxd1 30. Nb7 Rxd7 31. Rxd7+ Re7 32. Nd8+ Ke8 33. Rxd1
Rd7 34. Rxd7 Kxd7 35. Nb7 Ke6 36. Nc5+ Kd6 37. h4 a5 38. a3 1-0

[Event "Gibtelecom AmatWk2 7th"]
[Site "Gibraltar"]
[Date "2009.02.04"]
[Round "4.14"]
[White "Hannan, Peter"]
[Black "Coats, Jon R"]
[Result "1/2-1/2"]
[WhiteElo "1680"]
[BlackElo "1456"]
[PlyCount "67"]
[EventDate "2009.02.01"]
[EventType "swiss"]
[EventRounds "5"]
[EventCountry "GGB"]
[SourceTitle "BritBase"]
[Source "www.saund.co.uk"]
[SourceDate "2018.02.10"]
[SourceVersion "1"]
[SourceVersionDate "2018.02.10"]
[SourceQuality "1"]

1. e4 e6 2. d4 d5 3. e5 c5 4. c3 Nc6 5. Nf3 Bd7 6. Be2 cxd4 7. cxd4 Bb4+ 8. Bd2
Qb6 9. a3 Be7 10. b4 a6 11. Be3 Na7 12. Nc3 Bb5 13. Bxb5+ Nxb5 14. Na4 Qd8 15.
O-O Nh6 16. Bxh6 gxh6 17. Qd3 b6 18. Rfc1 Ra7 19. Rc6 Rc7 20. Rac1 Qc8 21. Rxc7
Nxc7 22. Qc3 Bd8 23. Nxb6 Qb7 24. Qc6+ Qxc6 25. Rxc6 Rg8 26. a4 Rg4 27. g3 Re4
28. Kf1 Ke7 29. Rd6 h5 30. h3 h6 31. h4 Ke8 32. Nc8 f6 33. exf6 Bxf6 34. Rb6
1/2-1/2

[Event "Gibtelecom AmatWk2 7th"]
[Site "Gibraltar"]
[Date "2009.02.04"]
[Round "4.15"]
[White "Hadrych, Craig"]
[Black "Bath, Tom"]
[Result "0-1"]
[WhiteElo "1600"]
[BlackElo "1192"]
[PlyCount "102"]
[EventDate "2009.02.01"]
[EventType "swiss"]
[EventRounds "5"]
[EventCountry "GGB"]
[SourceTitle "BritBase"]
[Source "www.saund.co.uk"]
[SourceDate "2018.02.10"]
[SourceVersion "1"]
[SourceVersionDate "2018.02.10"]
[SourceQuality "1"]

1. c4 c5 2. Nc3 Nf6 3. g3 e6 4. Bg2 g6 5. Nf3 Nc6 6. d4 d5 7. cxd5 exd5 8. Bg5
Be7 9. O-O c4 10. Ne5 Be6 11. Nxc4 Ne4 12. Bxe7 Nxc3 13. bxc3 Nxe7 14. Ne5 O-O
15. Rb1 f6 16. Nd3 Qc7 17. Nc5 Bc8 18. Qb3 b6 19. Bxd5+ Nxd5 20. Qxd5+ Qf7 21.
Qxf7+ Rxf7 22. Nb3 Be6 23. e4 Rc7 24. Rbc1 Rac8 25. f3 Rxc3 26. Rxc3 Rxc3 27.
Nc1 Bh3 28. Rd1 Rc2 29. d5 Rg2+ 30. Kh1 Rc2 31. d6 Bg2+ 32. Kg1 Bh3 33. Nb3 Bd7
34. Rc1 Rxc1+ 35. Nxc1 Kf7 36. Kf2 Ke6 37. Ke3 Kxd6 38. Kd4 Bc6 39. f4 h6 40.
Nd3 a5 41. e5+ fxe5+ 42. fxe5+ Ke6 43. Nf4+ Kf5 44. Nd5 Kg4 45. e6 Kh3 46. Nf4+
Kxh2 47. Nxg6 Kxg3 48. Ne7 Ba4 49. Nc8 Be8 50. Nxb6 h5 51. Kc5 h4 0-1

[Event "Gibtelecom AmatWk2 7th"]
[Site "Gibraltar"]
[Date "2009.02.04"]
[Round "4.16"]
[White "Randall, David C"]
[Black "Feeney, James"]
[Result "1/2-1/2"]
[WhiteElo "1576"]
[BlackElo "1080"]
[PlyCount "94"]
[EventDate "2009.02.01"]
[EventType "swiss"]
[EventRounds "5"]
[EventCountry "GGB"]
[SourceTitle "BritBase"]
[Source "www.saund.co.uk"]
[SourceDate "2018.02.10"]
[SourceVersion "1"]
[SourceVersionDate "2018.02.10"]
[SourceQuality "1"]

1. e4 e5 2. f4 d5 3. exd5 e4 4. d3 Nf6 5. Nc3 Bb4 6. Bd2 Bxc3 7. bxc3 O-O 8.
dxe4 Nxe4 9. Nf3 Re8 10. Be2 Qxd5 11. O-O Qc5+ 12. Nd4 Nc6 13. Kh1 Nxc3 14.
Bxc3 Qxc3 15. Nxc6 Qxc6 16. Bd3 Be6 17. Qh5 g6 18. Qg5 Bd5 19. f5 Re5 20. Qg3
Qd6 21. fxg6 hxg6 22. a4 Rh5 23. Qxd6 cxd6 24. Rae1 Rg5 25. Rf2 Kg7 26. Kg1 Re5
27. Rxe5 dxe5 28. Re2 Re8 29. Bb5 Re7 30. Rd2 Bc6 31. Bxc6 bxc6 32. Rd6 Rc7 33.
Kf2 c5 34. Ke3 f6 35. Ke4 Kf7 36. g4 Ke7 37. Ra6 c4 38. c3 Rd7 39. g5 fxg5 40.
Rxg6 Rd2 41. Rxg5 Kf6 42. Rf5+ Kg6 43. Rxe5 Rxh2 44. Kd4 Kf6 45. Ra5 Rh4+ 46.
Ke3 Rh3+ 47. Kd2 Rh2+ 1/2-1/2

[Event "Gibtelecom AmatWk2 7th"]
[Site "Gibraltar"]
[Date "2009.02.04"]
[Round "4.17"]
[White "Vargas Salgado, Raul"]
[Black "Garcia Lechugo, Francisco"]
[Result "1/2-1/2"]
[WhiteElo "1156"]
[BlackElo "1688"]
[PlyCount "63"]
[EventDate "2009.02.01"]
[EventType "swiss"]
[EventRounds "5"]
[EventCountry "GGB"]
[SourceTitle "BritBase"]
[Source "www.saund.co.uk"]
[SourceDate "2018.02.10"]
[SourceVersion "1"]
[SourceVersionDate "2018.02.10"]
[SourceQuality "1"]

1. e4 d5 2. exd5 Qxd5 3. Nc3 Qa5 4. Nf3 Nf6 5. Bc4 Bf5 6. d3 e6 7. Bd2 c6 8.
Nd5 Qd8 9. Nxf6+ Qxf6 10. Bc3 Qd8 11. Qe2 Bg4 12. h3 Bxf3 13. Qxf3 Nd7 14. Qh5
Nf6 15. Qf3 Be7 16. O-O-O Qc7 17. g4 Rg8 18. g5 Nd5 19. Bxd5 cxd5 20. h4 Rc8
21. d4 Bb4 22. Rd3 Qa5 23. a3 Bxc3 24. Rxc3 Rxc3 25. Qxc3 Qxc3 26. bxc3 b5 27.
Kb2 Ke7 28. Kb3 Rc8 29. Re1 Rc4 30. Re2 a5 31. Re3 Kd6 32. Rh3 1/2-1/2

[Event "Gibtelecom AmatWk2 7th"]
[Site "Gibraltar"]
[Date "2009.02.04"]
[Round "4.19"]
[White "Cox, Reginald"]
[Black "McGladdery, David G"]
[Result "0-1"]
[WhiteElo "1088"]
[BlackElo "1512"]
[PlyCount "58"]
[EventDate "2009.02.01"]
[EventType "swiss"]
[EventRounds "5"]
[EventCountry "GGB"]
[SourceTitle "BritBase"]
[Source "www.saund.co.uk"]
[SourceDate "2018.02.10"]
[SourceVersion "1"]
[SourceVersionDate "2018.02.10"]
[SourceQuality "1"]

1. Nf3 d5 2. d4 e6 3. Nc3 Nf6 4. a3 c5 5. e3 Bd6 6. h3 O-O 7. Be2 cxd4 8. exd4
Nc6 9. Bg5 h6 10. Be3 e5 11. dxe5 Nxe5 12. Nxe5 Bxe5 13. Bd4 Re8 14. O-O Bf5
15. Bb5 Bxd4 16. Bxe8 Bxc3 17. bxc3 Qxe8 18. Re1 Be6 19. Rb1 Qc6 20. Qf3 b6 21.
Re3 Ne4 22. Rd1 Nf6 23. Qe2 Ne4 24. Qf3 Rc8 25. Rdd3 Nd6 26. Re1 Nb5 27. c4
Qxc4 28. Rb3 Nd6 29. c3 Qxb3 0-1

[Event "Gibtelecom AmatWk2 7th"]
[Site "Gibraltar"]
[Date "2009.02.04"]
[Round "4.20"]
[White "Stoop, Michael"]
[Black "Socko, Weronika"]
[Result "1-0"]
[WhiteElo "1080"]
[BlackElo "1600"]
[PlyCount "97"]
[EventDate "2009.02.01"]
[EventType "swiss"]
[EventRounds "5"]
[EventCountry "GGB"]
[SourceTitle "BritBase"]
[Source "www.saund.co.uk"]
[SourceDate "2018.02.10"]
[SourceVersion "1"]
[SourceVersionDate "2018.02.10"]
[SourceQuality "1"]

1. d4 d5 2. Nf3 Bf5 3. c4 Nc6 4. e3 Nb4 5. Na3 Nf6 6. cxd5 Nfxd5 7. Bc4 e6 8.
O-O Qd6 9. Re1 Nb6 10. e4 Bg6 11. e5 Qe7 12. Bb3 O-O-O 13. Re3 Kb8 14. Rc3 Qe8
15. Nc2 Bh5 16. a3 Nxc2 17. Bxc2 c5 18. Be3 Nd5 19. Rb3 c4 20. Rc3 Nxc3 21.
bxc3 Bxf3 22. Qxf3 f6 23. a4 fxe5 24. dxe5 Qc6 25. Qxc6 bxc6 26. Rb1+ Ka8 27.
a5 Be7 28. a6 Rb8 29. Be4 Rxb1+ 30. Bxb1 Rb8 31. Be4 Rc8 32. Bxh7 Kb8 33. Kf1
Bd8 34. f4 Bb6 35. Bd2 Rd8 36. Ke2 Rd7 37. Be4 Kc7 38. g4 Bg1 39. h4 Bh2 40.
Be3 Rf7 41. Kf3 Kd7 42. Bg6 Rf8 43. Ke4 Kc7 44. f5 exf5+ 45. Bxf5 Kb8 46. Bc5
Re8 47. Bd6+ Ka8 48. Bd7 Rb8 49. Bxc6+ 1-0

[Event "Gibtelecom AmatWk2 7th"]
[Site "Gibraltar"]
[Date "2009.02.04"]
[Round "4.21"]
[White "Correa Vargas, Luis"]
[Black "Cox, Marian"]
[Result "1/2-1/2"]
[WhiteElo "1192"]
[BlackElo "1192"]
[PlyCount "117"]
[EventDate "2009.02.01"]
[EventType "swiss"]
[EventRounds "5"]
[EventCountry "GGB"]
[SourceTitle "BritBase"]
[Source "www.saund.co.uk"]
[SourceDate "2018.02.10"]
[SourceVersion "1"]
[SourceVersionDate "2018.02.10"]
[SourceQuality "1"]

1. e4 e5 2. Nf3 Nc6 3. Bc4 Bc5 4. Nc3 Nf6 5. d3 O-O 6. Bg5 d6 7. a3 a6 8. Qd2
b5 9. Ba2 h6 10. Bxh6 gxh6 11. Qxh6 Bxf2+ 12. Kd1 Ng4 13. Qg6+ Kh8 14. Qh5+ Kg7
15. Ng5 Nh6 16. Qe2 Bg4 17. Nf3 Ba7 18. h3 Nd4 19. Qf1 Bxf3+ 20. gxf3 Kh7 21.
f4 Qh4 22. fxe5 Qh5+ 23. Kc1 Qxe5 24. Nd5 Qg5+ 25. Kd1 Ne6 26. Nf6+ Kh8 27. Ng4
Nxg4 28. hxg4+ Kg7 29. Bd5 Qxg4+ 30. Kc1 Be3+ 31. Kb1 Rab8 32. c3 Rh8 33. Kc2
Rxh1 34. Qxh1 Rh8 35. Qe1 Rh2+ 36. Kb3 Nc5+ 37. Ka2 Re2 38. Qd1 Qg2 39. Rb1 Qf2
40. Qf1 Nxd3 41. Qxf2 Bxf2 42. Bb3 Be1 43. Rd1 Rxe4 44. Bc2 Nb4+ 45. cxb4 Re3
46. Rd4 Kf6 47. Bb3 c6 48. Rxd6+ Ke7 49. Rxc6 a5 50. Rc7+ Kd6 51. Rxf7 axb4 52.
axb4 Bxb4 53. Rf6+ Kc7 54. Re6 Rxe6 55. Bxe6 Kd6 56. Bg8 Kc5 57. b3 Bc3 58. Kb1
b4 59. Bc4 1/2-1/2

[Event "Gibtelecom AmatWk2 7th"]
[Site "Gibraltar"]
[Date "2009.02.04"]
[Round "4.22"]
[White "Ruiz, Jose Mari"]
[Black "Benson, Nicola"]
[Result "0-1"]
[WhiteElo "700"]
[BlackElo "813"]
[PlyCount "38"]
[EventDate "2009.02.01"]
[EventType "swiss"]
[EventRounds "5"]
[EventCountry "GGB"]
[SourceTitle "BritBase"]
[Source "www.saund.co.uk"]
[SourceDate "2018.02.10"]
[SourceVersion "1"]
[SourceVersionDate "2018.02.10"]
[SourceQuality "1"]

1. e4 d5 2. exd5 Nf6 3. Nc3 Nxd5 4. Nxd5 Qxd5 5. Nf3 Bg4 6. h3 Bh5 7. g4 Bg6 8.
Be2 e5 9. c4 Qc6 10. h4 f6 11. h5 Bf7 12. Rf1 Bc5 13. d4 exd4 14. Nxd4 Bb4+ 15.
Bd2 Qc5 16. a3 Qxd4 17. axb4 Nc6 18. Rb1 O-O-O 19. Qb3 Qxd2# 0-1

[Event "Gibtelecom AmatWk2 7th"]
[Site "Gibraltar"]
[Date "2009.02.05"]
[Round "5.1"]
[White "Elhadad, Oussama"]
[Black "Carlsen, Ellen Oen"]
[Result "1-0"]
[WhiteElo "1700"]
[BlackElo "1748"]
[PlyCount "107"]
[EventDate "2009.02.01"]
[EventType "swiss"]
[EventRounds "5"]
[EventCountry "GGB"]
[SourceTitle "BritBase"]
[Source "www.saund.co.uk"]
[SourceDate "2018.02.10"]
[SourceVersion "1"]
[SourceVersionDate "2018.02.10"]
[SourceQuality "1"]

1. e4 e5 2. Nf3 Nc6 3. Bb5 a6 4. Ba4 Nf6 5. O-O Be7 6. Re1 b5 7. Bb3 d6 8. c3
O-O 9. h3 Nb8 10. d4 Nbd7 11. Nbd2 Bb7 12. Bc2 Re8 13. Nf1 Bf8 14. Ng3 g6 15.
Nh2 Bg7 16. Kh1 Qe7 17. f4 exf4 18. Bxf4 Rad8 19. Ng4 Qf8 20. Qc1 h5 21. Nxf6+
Bxf6 22. Bg5 Bxg5 23. Qxg5 Qe7 24. Qh6 Qh4 25. Kh2 Nf6 26. Bd1 Nxe4 27. Re3 Qg5
28. Qxg5 Nxg5 29. Rxe8+ Rxe8 30. h4 Ne4 31. Bf3 d5 32. a4 Nxg3 33. Kxg3 c6 34.
axb5 cxb5 35. Kf4 f6 36. b3 Re7 37. g4 hxg4 38. Bxg4 Re4+ 39. Kg3 Re3+ 40. Kf4
Rxc3 41. Re1 f5 42. Bd1 Rc7 43. Kg5 Kg7 44. Re6 Rc1 45. Re7+ Kf8 46. Rxb7 Rxd1
47. Kf6 Ke8 48. Kxg6 Rxd4 49. h5 Rh4 50. h6 Rg4+ 51. Kxf5 Rh4 52. h7 Kf8 53.
Kf6 Rf4+ 54. Kg5 1-0

[Event "Gibtelecom AmatWk2 7th"]
[Site "Gibraltar"]
[Date "2009.02.05"]
[Round "5.2"]
[White "Aagedal, Geir Ole"]
[Black "Kuenitz, Klaus"]
[Result "0-1"]
[WhiteElo "1832"]
[BlackElo "1663"]
[PlyCount "104"]
[EventDate "2009.02.01"]
[EventType "swiss"]
[EventRounds "5"]
[EventCountry "GGB"]
[SourceTitle "BritBase"]
[Source "www.saund.co.uk"]
[SourceDate "2018.02.10"]
[SourceVersion "1"]
[SourceVersionDate "2018.02.10"]
[SourceQuality "1"]

1. Nf3 f5 2. d4 d6 3. c4 g6 4. g3 Bg7 5. Bg2 Nf6 6. Nc3 O-O 7. O-O Qe8 8. d5
Bd7 9. Rb1 c6 10. b4 Nh5 11. Bb2 Na6 12. Qb3 Nc7 13. e3 Kh8 14. Rfe1 h6 15. Ne2
e5 16. dxe6 Bxe6 17. Nfd4 Bf7 18. a4 d5 19. c5 Nf6 20. Qd3 Ne4 21. f3 Ng5 22.
h4 Nge6 23. Nxe6 Bxe6 24. Bxg7+ Kxg7 25. Nd4 Bd7 26. e4 dxe4 27. fxe4 f4 28.
Rf1 Qe7 29. gxf4 Qxh4 30. f5 gxf5 31. exf5 Rad8 32. Qc3 Qf6 33. Rf3 Kh7 34. Qc4
Rg8 35. Re1 Rg4 36. Rd1 Bc8 37. Rfd3 Bxf5 38. Rf3 Rgxd4 39. Rxd4 Qxd4+ 40. Qxd4
Rxd4 41. Rxf5 Kg7 42. Re5 Kf6 43. Re4 Rxe4 44. Bxe4 Ke5 45. Bg2 Kd4 46. Bf1 Nd5
47. b5 Kxc5 48. bxc6 Kxc6 49. Bb5+ Kc5 50. Bf1 b6 51. Bg2 Nf6 52. Kf2 Kb4 {
etc (60 moves)} 0-1

[Event "Gibtelecom AmatWk2 7th"]
[Site "Gibraltar"]
[Date "2009.02.05"]
[Round "5.3"]
[White "Wiltshire, Michael R"]
[Black "Livesey, R Nigel"]
[Result "1-0"]
[WhiteElo "1656"]
[BlackElo "1744"]
[PlyCount "95"]
[EventDate "2009.02.01"]
[EventType "swiss"]
[EventRounds "5"]
[EventCountry "GGB"]
[SourceTitle "BritBase"]
[Source "www.saund.co.uk"]
[SourceDate "2018.02.10"]
[SourceVersion "1"]
[SourceVersionDate "2018.02.10"]
[SourceQuality "1"]

1. d4 g6 2. c4 Bg7 3. Nc3 d6 4. e4 a6 5. Be3 Nd7 6. f3 c6 7. Nge2 b5 8. cxb5
cxb5 9. Qd2 Bb7 10. Ng3 Rc8 11. Be2 Nb6 12. b3 Nf6 13. O-O O-O 14. Rfc1 Nbd7
15. Nd1 Re8 16. Nf2 e5 17. d5 Rxc1+ 18. Rxc1 Qb8 19. Nd3 Rc8 20. Nb2 Rxc1+ 21.
Qxc1 Qc8 22. Qd2 Nc5 23. b4 Ncd7 24. a4 bxa4 25. Nxa4 Bf8 26. Bd3 Be7 27. Ne2
Bf8 28. Kf2 Be7 29. Nec3 Ne8 30. Nb1 Nc7 31. Na3 Ne8 32. Qe2 Bf8 33. Nc4 Be7
34. Na5 Bd8 35. Nc4 Kg7 36. Qb2 f6 37. Ke2 Qb8 38. Qd2 Qc8 39. Bf2 Qb8 40. Qe3
Qc8 41. Kd2 Qb8 42. Qa7 Qxa7 43. Bxa7 Kf7 44. Kc3 Ke7 45. Na5 Bxa5 46. bxa5 Nc7
47. h4 Kf7 48. g4 1-0

[Event "Gibtelecom AmatWk2 7th"]
[Site "Gibraltar"]
[Date "2009.02.05"]
[Round "5.4"]
[White "O'Connell, Denis"]
[Black "Bishop, Geoffrey L"]
[Result "1-0"]
[WhiteElo "1698"]
[BlackElo "1616"]
[PlyCount "73"]
[EventDate "2009.02.01"]
[EventType "swiss"]
[EventRounds "5"]
[EventCountry "GGB"]
[SourceTitle "BritBase"]
[Source "www.saund.co.uk"]
[SourceDate "2018.02.10"]
[SourceVersion "1"]
[SourceVersionDate "2018.02.10"]
[SourceQuality "1"]

1. e4 c5 2. b4 cxb4 3. a3 d5 4. exd5 Qxd5 5. Nf3 Bg4 6. axb4 Bxf3 7. Qxf3 Qxf3
8. gxf3 e6 9. b5 Nf6 10. Nc3 Nbd7 11. Bg2 Bc5 12. Na4 Bd4 13. c3 Bc5 14. d4 Be7
15. f4 Nd5 16. O-O Rc8 17. Bd2 N7f6 18. Bf3 O-O 19. Rfc1 Bd6 20. Nc5 Bxf4 21.
Bxf4 Nxf4 22. Nxb7 N6d5 23. c4 Ne7 24. Rxa7 Nf5 25. Kf1 Nxd4 26. Nd6 Rcd8 27.
Nb7 Nxf3 28. Nxd8 Rxd8 29. b6 Ne5 30. b7 Nc6 31. Ra8 Nb8 32. c5 Nd5 33. c6 Nc7
34. Ke1 Kf8 35. Rd1 Re8 36. Rd7 Nxc6 37. Rxc7 1-0